000 00757nam a22002531 4500
001 74754
003 BD-RjUL
005 20211209082609.0
008 181129s1961 maua b 000 0 eng
035 _a(BD-RjUL)74972
040 _aDLC/ICU
_cICU
_dDLC
_dBD-RjUL
_beng
041 _aeng
082 0 0 _223
_a530.12
_bPOQ 1961
100 1 _aPowell, John L.
_q(John Leonard),
_d1919-
_9225417
245 0 0 _aQuantum mechanics,
_cby John L. Powell and Bernd Crasemann.
260 _aReading, Mass.:
_bAddison-Wesley Pub. Co.
_cc1961
300 _a495 p.
_bill.;
_c24 cm.
504 _aIncludes bibliography.
650 0 _aQuantum theory.
_9225418
700 1 _aCrasemann, Bernd,
_9225420
942 _2ddc
_cBK
999 _c74754
_d74754